00475nam a2200157Ia 4500999001700000003000400017005001700021008004100038040000900079082002300088100003200111245005600143260005800199300000800257942005200265 c19256d19256OSt20200625105418.0190216s9999||||xx |||||||||||||| ||und|| coclc a954.0072054bCOR/H aCorreia-Afonso, John 93003 0aHistorical Research In India /cJohn Correia-Afonso bMunshiram Manoharlal Pub Pvt Ltd,c1979.aNew Delhi: a95p cBK2ddch954.0072054iCOR/Hk954.0072054mCOR/H